CSKA Moscow Squad 2024-2025 - Statistics

General Stats
  • This quiz has been taken 9 times
  • The average score is 16 of 29
Answer Stats
# Position Nation Player % Correct
35 GK Russia Igor Akinfeev
86%
25 MF Croatia Kristijan Bistrović
86%
15 MF Bosnia and Herzegovina Miralem Pjanić
86%
9 FW Venezuela Saúl Guarirapa
86%
20 FW Mali Sékou Koïta
86%
21 MF Uzbekistan Abbosbek Fayzullaev
71%
78 DF Russia Igor Diveev
71%
10 MF Russia Ivan Oblyakov
71%
13 DF Brazil Khellven
71%
22 DF Serbia Milan Gajić
71%
27 DF Brazil Moisés
71%
7 FW Brazil Alerrandro
57%
3 DF Russia Danil Krugovoy
57%
- Coach Serbia Marko Nikolić
57%
31 MF Russia Matvey Kislyak
57%
90 DF Russia Matvey Lukin
57%
5 MF Serbia Saša Zdjelar
57%
49 GK Russia Vladislav Torop
57%
4 DF Brazil Willyan Rocha
57%
8 FW Belarus Artem Shumanskiy
43%
19 MF Russia Rifat Zhemaletdinov
43%
5 MF Argentina Rodrigo Villagra
43%
11 FW Russia Tamerlan Musaev
43%
45 GK Russia Danila Bokov
29%
14 FW Russia Egor Ushakov
29%
17 FW Russia Kirill Glebov
29%
6 MF Russia Maksim Mukhin
29%
77 DF Russia Ilya Agapov
14%
46 FW Russia Vladislav Yakovlev
14%
No matching quizzes found
Score Distribution
Percent of People with Each Score
Percentile by Number Answered
Your Score History
You have not taken this quiz